Sports Quiz

Random Sports Quiz

2013 New York Yankees Quiz Stats

 Plays Quiz not verified by Sporcle

Challenge
Share
Tweet
Embed
Score 0/37 Timer 02:00
0 Plays Today
Number Player/Coach % Correct
2Derek Jeter
98.3%
11Brett Gardner
94.3%
13Alex Rodriguez
90.8%
14Curtis Granderson
90.4%
12Alfonso Soriano
89.1%
24Robinson Cano
84.3%
28Joe Girardi
74.7%
42Mariano Rivera
74.7%
26Eduardo Nunez
72.9%
25Mark Teixeira
72.1%
17Jayson Nix
71.3%
18Hiroki Kuroda
70.7%
52CC Sabathia
68.1%
19Chris Stewart
66.4%
30David Robertson
64.2%
65Phil Hughes
55.9%
47Ivan Nova
55.5%
22Vernon Wells
52.9%
55Lyle Overbay
51.3%
Number Player/Coach % Correct
33Travis Hafner
51.3%
48Boone Logan
49.3%
31Ichiro Suzuki
48.4%
62Joba Chamberlain
47.3%
41David Phelps
45.9%
27Shawn Kelley
44.5%
46Andy Pettite
37.8%
53Austin Romine
36.7%
43Adam Warren
35.8%
36Kevin Youkilis
34.5%
39Mark Reynolds
28.8%
38Preston Claiborne
22.4%
66J.R. Murphy
20.6%
45David Adams
15.8%
61Dellin Betances
15.8%
70Brett Marshall
13.2%
60David Huff
12.3%
64Cesar Cabral
7.4%

You're not logged in!

Compare scores with friends on all Sporcle quizzes.
OR
Log In

You Might Also Like...

Show Comments

Extras

Top Quizzes Today


Score Distribution

Your Account Isn't Verified!

In order to create a playlist on Sporcle, you need to verify the email address you used during registration. Go to your Sporcle Settings to finish the process.

Report this User

Report this user for behavior that violates our Community Guidelines.

Details: